Catálogo
 En Linea

El archipielago : (Registro nro. 24455)

Detalles MARC
000 -CABECERA
campo de control de longitud fija 00816nam a2200205 a 4500
001 - NÚMERO DE CONTROL
campo de control 000024962
005 - FECHA Y HORA DE LA ÚLTIMA TRANSACCIÓN
campo de control 20200930023457.0
008 - DATOS DE LONGITUD FIJA--INFORMACIÓN GENERAL
campo de control de longitud fija 110208s1982 cu abc r 000 0 spa d
040 ## - FUENTE DE LA CATALOGACIÓN
Centro catalogador/agencia de origen DO-SdBNP
Lengua de catalogación spa
Centro/agencia transcriptor BNPHU
082 ## - NÚMERO DE LA CLASIFICACIÓN DECIMAL DEWEY
Número de clasificación xxxxx
Número de documento/Ítem N964a
049 ## - FONDOS LOCALES (OCLC)
Fondos de biblioteca BNGR
100 1# - ENTRADA PRINCIPAL--NOMBRE DE PERSONA
Nombre de persona Núñez Jiménez, Antonio
9 (RLIN) 4130
245 13 - MENCIÓN DE TÍTULO
Título El archipielago :
Resto del título Cuba, la naturaleza y el hombre /
Mención de responsabilidad, etc. Antonio Núñez Jiménez ; edición Rosario Esteva ; prólogo Sarah E. Ysalgué de Massip.
260 ## - PUBLICACIÓN, DISTRIBUCIÓN, ETC.
Lugar de publicación, distribución, etc. La Habana :
Nombre del editor, distribuidor, etc. Letas Cubanas,
Fecha de publicación, distribución, etc. 1982.
300 ## - DESCRIPCIÓN FÍSICA
Extensión t. 1 :
Otras características físicas il., mapas., retrs. ;
Dimensiones 25 cm.
500 ## - NOTA GENERAL
Nota general Incluye referencias bibliográficas p. [669-679].
504 ## - NOTA DE BIBLIOGRAFÍA, ETC.
Nota de bibliografía, etc. Incluye referencias bibliográficas y notas al pie de las páginas.
700 1# - PUNTO DE ACCESO ADICIONAL--NOMBRE DE PERSONA
Nombre de persona Esteva, Rosario,
Término indicativo de función/relación ed.
9 (RLIN) 16399
700 1# - PUNTO DE ACCESO ADICIONAL--NOMBRE DE PERSONA
Nombre de persona Ysalgué de Massip, Sarah E.,
Término indicativo de función/relación pról.
9 (RLIN) 51227
Existencias
Estado de retiro Estado de pérdida Restricciones de uso No para préstamo Código de colección Localización permanente Ubicación/localización actual Ubicación en estantería Fecha de adquisición Número de inventario Total de préstamos Signatura topográfica completa Código de barras Fecha visto por última vez Precio válido a partir de Tipo de ítem Koha
        Monografías: Libros y Folletos General General En catalogación 08.02.2011 LF1   xxxxx N964a 24962-10 25.06.2020 25.06.2020 Préstamo en sala

Con tecnología Koha